| 000 | 00601nam a22001937a 4500 | ||
|---|---|---|---|
| 005 | 20160801173629.0 | ||
| 010 | _aENG-115610 | ||
| 020 |
_a9789351436287 _c150.00.00 |
||
| 035 | _aEN-99142 | ||
| 037 | _bDBAD/PUB | ||
| 082 | _a343.54052 | ||
| 100 | _aShukla, Girjesh | ||
| 245 |
_aTax law - 1 / _cby Girjesh Shukla [and] Mahima V. Tiwari |
||
| 260 |
_aGurgaon _bLexisNexis _c2015 |
||
| 270 |
_a14th Floor, Building No.10, Tower-B, DLF Cyber City, Phase-II _bGurgaon _e122002 |
||
| 300 |
_ax,296p. _c24cm(pbk) |
||
| 700 | _aTiwari, Mahima V. | ||
| 942 |
_2ddc _cEN _mSHU _h343.54052 |
||
| 999 |
_c101703 _d101703 |
||